000 00394nam a22001457a 4500
999 _c7985
_d7985
003 OSt
005 20200615130557.0
008 200615b ||||| |||| 00| 0 eng d
020 _a9787503871313
082 _a728.314
_bSHU
110 _aShun Li
245 _aSurmount & dilute : the current predicament : small high-rise/high-rise/super high-rise
260 _aChina
_bKrilly
_c2013
942 _2ddc